Universities in Australia - Statistics

General Stats
  • This quiz has been taken 97 times
    38 since last reset
  • The average score is 19 of 42
Answer Stats
Established Acquired university status Answer % Correct
1850 1850 University of Sydney
100%
1853 1853 University of Melbourne
97%
1949 1949 University of New South Wales
91%
1958 1958 Monash University
88%
1909 1909 University of Queensland
88%
1856 1874 Adelaide University
85%
1911 1911 University of Western Australia
85%
1890 1890 University of Tasmania
76%
1946 1946 Australian National University
73%
1989 2003 Charles Darwin University
67%
1974 1974 Deakin University
61%
1916 1990 Victoria University
55%
1967 1992 Central Queensland University
52%
1887 1992 RMIT University
48%
1967 1990 University of Canberra
48%
1971 1971 Griffith University
45%
1908 1989 Queensland University of Technology
45%
1951 1965 University of Newcastle
45%
1891 1989 Western Sydney University
45%
1987 1987 Bond University
42%
1966 1986 Curtin University
42%
1966 1966 Flinders University
42%
1908 1992 Swinburne University of Technology
42%
1870 1988 University of Technology, Sydney
39%
1951 1975 University of Wollongong
39%
1970 1970 James Cook University
36%
1964 1964 La Trobe University
36%
1948 1989 Charles Sturt University
30%
1964 1964 Macquarie University
30%
1938 1954 University of New England
30%
1991 1991 Australian Catholic University
27%
1902 1991 Edith Cowan University
27%
2014 2014 Torrens University Australia
27%
1973 1973 Murdoch University
24%
1954 1994 Southern Cross University
24%
1967 1992 University of Southern Queensland
24%
1994 1994 University of the Sunshine Coast
24%
1870 1994 Federation University
15%
1989 1989 University of Notre Dame Australia
15%
1897 2021 Avondale University
6%
1891 2025 Australian University of Theology
0%
1910 2012 University of Divinity
0%
No matching quizzes found
Score Distribution
Percent of People with Each Score
Percentile by Number Answered
Your Score History
You have not taken this quiz since the last reset